Characteristics of accredited baccalaureate programs in electronic engineering technology /

Bibliographic Details
Main Author: McCurdy, Lyle Blaine, 1940-
Other Authors: Baker, G. E. (degree committee member.), Hartman, Roy A. (degree committee member.), Ringer, Larry J. (degree committee member.)
Format: Thesis Book
Language:English
Published: 1985.
Subjects:
Online Access:Link to ProQuest copy
Link to OAKTrust copy

MARC

Tag First Indicator Second Indicator Subfields
LEADER 00000ctm a2200000Ia 4500
001 in00000417321
005 20220104090342.0
008 860924s1985 xx bm 000 0 eng d
035 |9 ABU8874AM 
035 |a (OCoLC)14256255 
035 |a (OCoLC)ocm14256255 
040 |a TXA  |b eng  |c TXA  |d OCLCQ  |d OCLCF  |d OCLCO  |d OCLCQ  |d TXA 
049 |a TXAM 
099 |a 1985  |a Dissertation  |a M133 
100 1 |a McCurdy, Lyle Blaine,  |d 1940- 
245 1 0 |a Characteristics of accredited baccalaureate programs in electronic engineering technology / 
264 1 |c 1985. 
300 |a xvii, 276 leaves ;  |c 29 cm 
336 |a text  |b txt  |2 rdacontent 
337 |a unmediated  |b n  |2 rdamedia 
338 |a volume  |b nc  |2 rdacarrier 
500 |a "Major subject: Industrial Education." 
500 |a Typescript (photocopy). 
500 |a Vita. 
502 |b Ph. D.  |c Texas A & M University  |d 1985 
504 |a Includes bibliographical references (leaves 241-243). 
520 3 |a This study investigated the curriculum characteristics of each of the 74 TAC/ABET accredited bachelor-level electronic engineering technology (BEET) programs. The study was conducted in three phases. The first phase was a catalog study and involved summarizing all courses for each accredited BEET program into computerized data base files. Summary statistics and t tests comparisons of nine subject areas were developed by year, upper and lower division, and overall. A program ranking process based upon circuit-analysis-mathematics-product scores was developed for selecting high, low and mid-range program patterns from the population. The second phase involved a mail-out survey of each of the 74 program administrators of the population. The survey investigated program administrative structures, job type expectations for graduates, program philosophies, course requirements, and prerequisite requirements, among others. It also included a number of attitudinal questions relative to course requirements and other concerns relative to BEET education. The third phase involved a correlational analysis between selected catalog and survey phase data. A comparative analysis was also conducted between various survey questions. Significant differences were found between programs, and between the four defined sub-populations' subject area requirements. The program patterns were found to provide considerable insight into the wide variations observed between programs. Significant correlations were observed between circuit-analysis-mathematics-product scores and various survey items. The catalog study was found to be effective for researching overall curriculum content. In some ways, it was found to be more reliable than the survey study, especially when researching specialty area mathematics prerequisites. The survey study was found to be an effective method for researching program philosophies and administrators' attitudes relative to BEET education. It was recommended that catalog studies of other BET programs be conducted and should include the circuit-analysis-mathematics-product score techniques developed during this study. Also, that catalog materials should provide more complete course and laboratory descriptions, hours, and mathematics prerequisite information. Further, that the TAC/ABET Accreditation Criteria should be tightened so that graduates of BEET programs will be assured of receiving a minimally-acceptable education for industry's needs. 
650 0 |a Electrical engineering. 
650 0 |a Technical education. 
650 4 |a Major industrial education. 
655 7 |a Academic theses  |2 lcgft 
700 1 |a Baker, G. E.,  |e degree committee member. 
700 1 |a Gutcher, G. Dale,  |e degree supervisor. 
700 1 |a Hartman, Roy A.,  |e degree committee member. 
700 1 |a Ringer, Larry J.,  |e degree committee member. 
710 2 |a Texas A & M University,  |e degree granting institution. 
856 4 1 |u http://proxy.library.tamu.edu/login?url=http://proquest.umi.com/pqdweb?did=752601481&sid=1&Fmt=2&clientId=2945&RQT=309&VName=PQD  |z Link to ProQuest copy  |t 0 
856 4 1 |u https://hdl.handle.net/1969.1/DISSERTATIONS-427596  |z Link to OAKTrust copy  |t 0 
994 |a C0  |b TXA 
999 f f |s 4036f0fa-5524-37dc-b397-6188acadb93a  |i b918d053-cc03-3784-a889-ae11ae97743c  |t 0 
952 f f |p noncirc  |a Texas A&M University  |b J.J. Pickle Campus  |c High Density Repository  |s HDR  |d Remote Storage  |t 0  |e 1985 Dissertation M133  |h Other scheme  |i unmediated -- volume  |m A14840989259 
952 f f |a Texas A&M University  |b College Station  |c Electronic Resources  |s www_evans  |d Available Online  |t 0  |e 1985 Dissertation M133  |h Other scheme 
998 f f |a 1985 Dissertation M133  |t 0  |l Remote Storage 
998 f f |a 1985 Dissertation M133  |t 0  |l Available Online